000 00987nac a22002771i 4500
003 EG-ScBUE
005 20240911100354.0
008 240911r20031998ii f 001 0 eng d
020 _a070698675X
040 _aEG-ScBUE
_beng
_erda
_cEG-ScBUE
_dEG-ScBUE
082 0 4 _a512.02
_bKHA
_222
100 1 _aKhanna, Vijay K.,
_eauthor.
245 1 2 _aA course in abstract algebra /
_bVijay K. Khanna, Department of Mathematics, Kirori Mal College, University of Delhi, S. K. Bhambri, Department of Mathematics, Kirori Mal College, University of Delhi.
250 _aSecond edition.
250 _aRevised edition.
264 1 _aNew Delhi :
_bVikas Publishing House,
_c2003.
300 _a602 pages ;
_c25 cm
336 _2rdacontent
_atext
_btxt
337 _aunmediated
_2rdamedia
_bn
338 _avolume
_bnc
_2rdacarrier
500 _aIncludes index.
650 7 _aAlgebra, Abstract.
_2BUEsh
655 _vReading book
700 1 _aBhambri, S. K.,
_eauthor.
942 _cBB
_2ddc
999 _c3182
_d3182